LEADER 02843oam 2200649M 450 001 9910462316303321 005 20200324081316.0 010 $a1-280-66237-9 010 $a9786613639301 010 $a0-203-13821-X 010 $a1-136-49132-5 035 $a(CKB)2670000000203496 035 $a(EBL)958496 035 $a(OCoLC)798531508 035 $a(SSID)ssj0000678663 035 $a(PQKBManifestationID)11405189 035 $a(PQKBTitleCode)TC0000678663 035 $a(PQKBWorkID)10727728 035 $a(PQKB)10113849 035 $a(MiAaPQ)EBC958496 035 $a(Au-PeEL)EBL958496 035 $a(CaPaEBR)ebr10566977 035 $a(CaONFJC)MIL363930 035 $a(OCoLC)860446860 035 $a(OCoLC-P)860446860 035 $a(FlBoTFG)9780203138212 035 $a(EXLCZ)992670000000203496 100 $a20110818d2011 uy 0 101 0 $aeng 135 $aur||||||||||| 181 $ctxt 182 $cc 183 $acr 200 00$aPerspectives on Plowden$hVol. 22 /$fedited by R.S. Peters 210 $aLondon $cRoutledge$d2011 215 $a1 online resource (121 p.) 225 1 $aRoutledge library editions. Education ;$vv. 149 300 $aOriginally published: London: Routledge & Kegan Paul, 1969. 311 $a0-415-75133-0 311 $a0-415-69785-9 320 $aIncludes bibliographical references (p.105-106). 327 $aPERSPECTIVES ON PLOWDEN; Copyright; Perspectives on Plowden; Copyright; Contents; Preface; 1 'A Recognizable Philosophy of Education': A Constructive Critique; 2 The Aims of Primary Education; 3 Other Aspects of Child Psychology; 4 Some Sociological Comments on Plowden; 5 The Positive Roles of Society and the Teacher; Bibliography 330 $aThe Plowden Report, Children and their Primary Schools (1967), had a huge impact on education in the latter 20th century, but at the time was labelled as left-wing, and of no practical use to the problems of education in the 1960s. The contributors to this volume were all concerned with the educational thinking of the Plowden Report, and its appropriateness or otherwise to the educational needs of the day. In quarters where the Plowden Report was treated as an authoritative textbook, the views in this volume provide a valuable critique. 410 0$aRoutledge library editions.$pEducation ;$vv. 149. 606 $aEducation, Elementary$zGreat Britain$xPhilosophy 606 $aEducation$xPhilosophy 608 $aElectronic books. 615 0$aEducation, Elementary$xPhilosophy. 615 0$aEducation$xPhilosophy. 676 $a372.2410942 701 $aPeters$b R. S$g(Richard Stanley),$f1919-2011.$0142926 801 0$bOCoLC-P 801 1$bOCoLC-P 906 $aBOOK 912 $a9910462316303321 996 $aPerspectives on Plowden$91761516 997 $aUNINA LEADER 01160nam0 22002891i 450 001 VAN0037274 005 20220525102311.144 010 $a88-256-0994-9 100 $a20050617d1996 |0itac50 ba 101 $aita 102 $aIT 105 $a|||| ||||| 200 1 $aˆLa ‰grande guida AutoCAD 13 per Windows 95$fGeorge Omura 210 $aBresso$cJackson libri$d1996 215 $aXII, 882 p.$cill.$d26 cm$e1 CD-ROM 500 1$3VAN0246327$aˆLa ‰grande guida AutoCAD 13 per Windows 95$91423022 606 $aDisegno tecnico$xProgrammi per microelaboratori$3VANC012762$2FI 606 $aMicroelaboratori elettronici$xProgrammi AutoCAD$3VANC016010$2FI 620 $dBresso$3VANL000071 700 1$aOmura$bGeorge$3VANV031065$08614 712 $aJackson$3VANV110228$4650 801 $aIT$bSOL$c20221209$gRICA 899 $aBIBLIOTECA DEL DIPARTIMENTO DI INGEGNERIA$1IT-CE0100$2VAN05 912 $aVAN0037274 950 $aBIBLIOTECA DEL DIPARTIMENTO DI INGEGNERIA$d05PREST E 036 $e05 1245 20050617 $sBuono 996 $aGrande guida AutoCAD 13 per Windows 95$91423022 997 $aUNISOB